|
|
|
|
| LEADER |
00000nam0a2200000 4500 |
| 001 |
372842 |
| 005 |
20231102012519.0 |
| 035 |
|
|
|a (RuTPU)RU\TPU\retro\30267
|
| 035 |
|
|
|a RU\TPU\book\269943
|
| 090 |
|
|
|a 372842
|
| 100 |
|
|
|a 20221215d1963 km y0rusy50 ca
|
| 101 |
1 |
|
|a rus
|c eng
|
| 102 |
|
|
|a RU
|
| 105 |
|
|
|a a z 001zy
|
| 200 |
1 |
|
|a Теория механических колебаний
|e пер. с англ.
|f К. Н. Тонг
|
| 210 |
|
|
|a Москва
|c Машгиз
|d 1963
|
| 215 |
|
|
|a 352 с.
|c ил.
|
| 320 |
|
|
|a Библиогр.: с. 348.
|
| 606 |
1 |
|
|a Механические колебания
|2 stltpush
|3 (RuTPU)RU\TPU\subj\43602
|9 63078
|
| 610 |
1 |
|
|a теория
|
| 610 |
1 |
|
|a комплексные числа
|
| 610 |
1 |
|
|a синусоидальная функция
|
| 610 |
1 |
|
|a метод Релея
|
| 610 |
1 |
|
|a вынужденные колебания
|
| 610 |
1 |
|
|a линейные системы
|
| 610 |
1 |
|
|a методы
|
| 610 |
1 |
|
|a приложения
|
| 610 |
1 |
|
|a кусочно-линейные системы
|
| 610 |
1 |
|
|a гальванометры
|
| 610 |
1 |
|
|a сейсмические явления
|
| 610 |
1 |
|
|a исследование
|
| 610 |
1 |
|
|a незатухающие колебания
|
| 610 |
1 |
|
|a функция Релея
|
| 610 |
1 |
|
|a цепные системы
|
| 610 |
1 |
|
|a метод Хольцера
|
| 610 |
1 |
|
|a упругие тела
|
| 610 |
1 |
|
|a матричная алгебра
|
| 610 |
1 |
|
|a векторы
|
| 610 |
1 |
|
|a линейное преобразование
|
| 675 |
|
|
|a 534
|v 3
|
| 700 |
|
1 |
|a Тонг
|b К. Н.
|g Кин Н.
|
| 801 |
|
1 |
|a RU
|b 63413507
|c 20140120
|
| 801 |
|
2 |
|a RU
|b 63413507
|c 20221215
|g RCR
|
| 942 |
|
|
|c BK
|